000 00581nam a2200229Ia 4500
003 OSt
005 20221005095638.0
006 a|||||r|||| 00| 0
007 ta
008 221004b |||||||| |||| 00| 0 eng d
024 _a109567
037 _cTextual
040 _aCRL
_cCRL
_beng
041 _2eng
_aeng
082 _aY5927:6.2'N8, N1
245 0 _aMan and his mission
260 _aPatna
_bSulabh International India
_c1991
300 _a206p.
_ccm.
650 _aSOCIOLOGY
942 _hY5927:6.2'N8, N1
_cTEXL
_2cc
999 _c1003887
_d1003887